| 000 | 00542nam a22001691a 4500 | ||
|---|---|---|---|
| 001 | 2300 | ||
| 003 | OSt | ||
| 005 | 20260204211807.0 | ||
| 008 | 040210s(199||||dr ||||||b||||||||||spa|| | ||
| 050 | _aRD 306.89 R293l | ||
| 082 | _aRD 306.89 R293l | ||
| 111 | _aRepública Dominicana | ||
| 245 | _aLey Nº. 1306 de divorcio. Ley Nº. 985 sobre filiación de los hijos naturales | ||
| 264 | _aSanto Domingo : Dalis | ||
| 650 | _a1.Divorcio - República Dominicana 2.Ley Nº. 1306 de Divorcio 3.Ley Nº. 958 Hijos NaturalesÌ | ||
| 942 |
_2ddc _cBK |
||
| 999 |
_c2300 _d2300 |
||